Hungarian Football League Teams - Statistics

General Stats
  • This quiz has been taken 245 times
  • The average score is 26 of 93
Answer Stats
League (Liga) Nemzeti Bajnokság I % Correct
Nemzeti Bajnokság I Ferencváros
98%
Nemzeti Bajnokság I Újpest FC
90%
Nemzeti Bajnokság I Debrecen
88%
Nemzeti Bajnokság III - Észak-Keleti (Northeast) Debreceni EAC
88%
Nemzeti Bajnokság I MTK Budapest
83%
Nemzeti Bajnokság I Puskás Akadémia
81%
Nemzeti Bajnokság II Győr
78%
Nemzeti Bajnokság II Budapest Honvéd
77%
Nemzeti Bajnokság I Diósgyőr
77%
Nemzeti Bajnokság I Paks
75%
Nemzeti Bajnokság I Zalaegerszeg
72%
Nemzeti Bajnokság I Fehérvár
71%
Nemzeti Bajnokság I Kecskemét
70%
Nemzeti Bajnokság II Vasas
70%
Nemzeti Bajnokság I Kisvárda
69%
Nemzeti Bajnokság II Nyíregyháza
65%
Nemzeti Bajnokság I Mezőkövesd
58%
Nemzeti Bajnokság III - Dél-Nyugati (Southwest) PEAC
56%
Nemzeti Bajnokság II Haladás
48%
Nemzeti Bajnokság III - Észak-Nyugati (Northwest) MÁV Haladás VSE
48%
Nemzeti Bajnokság III - Dél-Keleti (Southeast) Békéscsaba
45%
Nemzeti Bajnokság II Gyirmót
39%
Nemzeti Bajnokság II Kazincbarcika
39%
Nemzeti Bajnokság II Pécs
37%
Nemzeti Bajnokság III - Észak-Nyugati (Northwest) Tatabánya
36%
Nemzeti Bajnokság II Soroksár
35%
Nemzeti Bajnokság III - Dél-Keleti (Southeast) Szolnok
35%
Nemzeti Bajnokság II Budafok
34%
Nemzeti Bajnokság III - Észak-Nyugati (Northwest) Sopron
34%
Nemzeti Bajnokság II Ajka
32%
Nemzeti Bajnokság III - Dél-Nyugati (Southwest) Kaposvár
32%
Nemzeti Bajnokság II Siófok
32%
Nemzeti Bajnokság III - Észak-Nyugati (Northwest) Veszprém
31%
Nemzeti Bajnokság II Kozármisleny
30%
Nemzeti Bajnokság III - Észak-Keleti (Northeast) Eger
29%
Nemzeti Bajnokság III - Dél-Nyugati (Southwest) Ferencváros II
22%
Nemzeti Bajnokság III - Észak-Nyugati (Northwest) III. Kerület
22%
Nemzeti Bajnokság II Csákvár
21%
Nemzeti Bajnokság II Mosonmagyaróvár
21%
Nemzeti Bajnokság III - Dél-Nyugati (Southwest) Dunaújváros
20%
Nemzeti Bajnokság III - Dél-Nyugati (Southwest) Szentlőrinc
19%
Nemzeti Bajnokság II Tiszakécske
19%
Nemzeti Bajnokság III - Dél-Nyugati (Southwest) Érd
18%
Nemzeti Bajnokság III - Dél-Nyugati (Southwest) Nagykanizsa
18%
Nemzeti Bajnokság III - Észak-Nyugati (Northwest) Budaörs
17%
Nemzeti Bajnokság III - Észak-Nyugati (Northwest) Dorog
17%
Nemzeti Bajnokság III - Dél-Nyugati (Southwest) Fehérvár II
17%
Nemzeti Bajnokság III - Dél-Keleti (Southeast) Cegléd
16%
Nemzeti Bajnokság III - Dél-Nyugati (Southwest) Iváncsa
16%
Nemzeti Bajnokság III - Észak-Keleti (Northeast) Salgótarján
15%
Nemzeti Bajnokság III - Dél-Nyugati (Southwest) Szekszárd
15%
Nemzeti Bajnokság II Szeged-Csanád
14%
Nemzeti Bajnokság III - Észak-Keleti (Northeast) Újpest II
14%
Nemzeti Bajnokság III - Észak-Keleti (Northeast) Debrecen II
12%
Nemzeti Bajnokság III - Dél-Keleti (Southeast) Hódmezővásárhely
12%
Nemzeti Bajnokság III - Észak-Keleti (Northeast) Karcag
12%
Nemzeti Bajnokság III - Észak-Nyugati (Northwest) Balatonfüred
11%
Nemzeti Bajnokság III - Észak-Nyugati (Northwest) Komárom
11%
Nemzeti Bajnokság III - Dél-Nyugati (Southwest) Paks II
11%
Nemzeti Bajnokság III - Észak-Keleti (Northeast) Putnok
10%
Nemzeti Bajnokság III - Dél-Keleti (Southeast) Budapest Honvéd II
9%
Nemzeti Bajnokság III - Dél-Keleti (Southeast) Monor
9%
Nemzeti Bajnokság III - Dél-Nyugati (Southwest) MTK Budapest II
9%
Nemzeti Bajnokság III - Dél-Keleti (Southeast) BKV Előre
8%
Nemzeti Bajnokság III - Észak-Keleti (Northeast) Cigánd
8%
Nemzeti Bajnokság III - Dél-Keleti (Southeast) ESMTK
8%
Nemzeti Bajnokság III - Észak-Keleti (Northeast) Gyöngyös
8%
Nemzeti Bajnokság III - Észak-Keleti (Northeast) Kisvárda II
8%
Nemzeti Bajnokság III - Dél-Keleti (Southeast) Vasas II
8%
Nemzeti Bajnokság III - Észak-Nyugati (Northwest) Bicske
7%
Nemzeti Bajnokság III - Észak-Nyugati (Northwest) Kelen
7%
Nemzeti Bajnokság III - Észak-Nyugati (Northwest) Puskás Akadémia II
7%
Nemzeti Bajnokság III - Dél-Keleti (Southeast) Dabas
6%
Nemzeti Bajnokság III - Észak-Keleti (Northeast) Diósgyőr II
6%
Nemzeti Bajnokság III - Észak-Keleti (Northeast) Hatvan
6%
Nemzeti Bajnokság III - Dél-Nyugati (Southwest) Dunaföldvár
5%
Nemzeti Bajnokság III - Észak-Nyugati (Northwest) Győr II
5%
Nemzeti Bajnokság III - Dél-Keleti (Southeast) Kecskemét II
5%
Nemzeti Bajnokság III - Dél-Nyugati (Southwest) Mohács
5%
Nemzeti Bajnokság III - Észak-Keleti (Northeast) Sényő
5%
Nemzeti Bajnokság III - Észak-Keleti (Northeast) Tiszafüred
5%
Nemzeti Bajnokság III - Észak-Keleti (Northeast) Tiszaújváros
5%
Nemzeti Bajnokság III - Észak-Nyugati (Northwest) Zalaegerszeg II
5%
Nemzeti Bajnokság III - Dél-Nyugati (Southwest) Gárdony
3%
Nemzeti Bajnokság III - Dél-Nyugati (Southwest) Majos
3%
Nemzeti Bajnokság III - Dél-Keleti (Southeast) Pénzügyőr
3%
Nemzeti Bajnokság III - Észak-Keleti (Northeast) Rákospalota
3%
Nemzeti Bajnokság III - Dél-Keleti (Southeast) Szeged II
2%
Nemzeti Bajnokság III - Észak-Nyugati (Northwest) Csorna
1%
Nemzeti Bajnokság III - Dél-Keleti (Southeast) Füzesgyarmat
1%
Nemzeti Bajnokság III - Észak-Nyugati (Northwest) Gyirmót II
1%
Nemzeti Bajnokság III - Dél-Keleti (Southeast) Körösladány
1%
Nemzeti Bajnokság III - Dél-Keleti (Southeast) Martfű
1%
No matching quizzes found
Score Distribution
Percent of People with Each Score
Percentile by Number Answered
Your Score History
You have not taken this quiz